[Event "Thompson Memorial op U2000"]
[Site "Dallas"]
[Date "2000.08.04"]
[Round "1"]
[White "Cooper, Gregory T"]
[Black "Musumeci, Jim"]
[Result "0-1"]
[WhiteElo "1812"]
[BlackElo "1968"]
[PlyCount "74"]
[EventDate "2000.08.04"]
[EventType "swiss"]
[EventRounds "5"]
[EventCountry "USA"]
[SourceTitle "EXT 2005"]
[Source "ChessBase"]
[SourceDate "2004.11.15"]
[SourceVersion "1"]
[SourceVersionDate "2004.11.15"]
[SourceQuality "1"]

1. c4 f5 2. d4 Nf6 3. Nf3 g6 4. g3 Bg7 5. Bg2 0-0 6. Nc3 d6 7. 0-0 Nc6 8. Rb1 e5 9. d5 Ne7 10. Ng5 h6 11. Ne6 Bxe6 12. dxe6 c6 13. Qb3 Qc8 14. Rd1 Ne8 15. e4 Rf6 16. c5 dxc5 17. Rd7 Kf8 18. Be3 b6 19. exf5 gxf5 20. g4 f4 21. Ne4 fxe3 22. Nxf6 exf2+ 23. Kxf2 Nxf6 24. Rbd1 Nxd7 25. Rxd7 Qe8 26. Bxc6 Nxc6 27. Qf3+ Kg8 28. Qxc6 Rd8 29. Qb7 Rxd7 30. exd7 Qd8 31. Qd5+ Kf8 32. Qd6+ Kf7 33. Ke2 Bf6 34. h4 Bxh4 35. Qxh6 Qg5 36. Qh7+ Ke6 37. Kd3 Qxg4 0-1